LIBRARY ONLINE CATALOGUE

Annual editions Child growth and development / (Record no. 12154)

MARC details
000 -LEADER
fixed length control field 00669cam a22002172 4500
001 - CONTROL NUMBER
control field 0000020599
005 - DATE AND TIME OF LATEST TRANSACTION
control field 20151217155229.0
008 - FIXED-LENGTH DATA ELEMENTS--GENERAL INFORMATION
fixed length control field 110927s xx 000 0 eng d
020 ## - INTERNATIONAL STANDARD BOOK NUMBER
International Standard Book Number 0073397535 :
040 ## - CATALOGING SOURCE
Original cataloging agency KABU
Transcribing agency KABU
245 10 - TITLE STATEMENT
Title Annual editions Child growth and development /
Statement of responsibility, etc. Ellen N. Junn, Chris J. Boyatzis, editors.
250 ## - EDITION STATEMENT
Edition statement 15th ed.
260 ## - PUBLICATION, DISTRIBUTION, ETC. (IMPRINT)
Place of publication, distribution, etc. Boston :
Name of publisher, distributor, etc. Higher education,
Date of publication, distribution, etc. 2008.
300 ## - PHYSICAL DESCRIPTION
Extent xvi, 206 p.
650 #0 - SUBJECT ADDED ENTRY--TOPICAL TERM
Topical term or geographic name as entry element Child rearing.
-- 0000152963
700 1# - ADDED ENTRY--PERSONAL NAME
Personal name Junn, Ellen N.
-- 0000181031
700 1# - ADDED ENTRY--PERSONAL NAME
Personal name Boyatzis, Chris J.
-- 0000181032
852 1# - LOCATION
-- p1200 KES
908 ## - PUT COMMAND PARAMETER (RLIN)
Put command parameter 110927
950 ## - LOCAL HOLDINGS (RLIN)
-- 1
Holdings
Withdrawn status Lost status Source of classification or shelving scheme Not for loan Home library Current library Date acquired Total Checkouts Full call number Barcode Date last seen Date last checked out Price effective from Koha item type
    Library of Congress Classification   Kabarak, Main Campus Kabarak, Main Campus 17/12/2015 4 HQ769 .A56 2008 .1 21603 11/03/2024 29/02/2024 17/12/2015 General Collection